| 000 | 00516nam a2200205Ia 4500 | ||
|---|---|---|---|
| 005 | 20250425162833.0 | ||
| 008 | 250425s9999 xx 000 0 und d | ||
| 020 | _a9780996214988 | ||
| 041 | _aeng | ||
| 082 |
_a686.2 _pJOY |
||
| 100 | _aJoyce, Marina Poropat | ||
| 245 | 0 |
_aDesigning for print _cMarina Poropat Joyce |
|
| 260 |
_aSanta Ana _bInez D. _c2015 |
||
| 300 | _a206 páginas | ||
| 650 | _aAutoedición | ||
| 650 | _aDiseño gráfico | ||
| 650 | _aMaquetación | ||
| 942 | _c01 | ||
| 010 | _a112214 | ||
| 999 |
_c237447 _d237447 |
||